000 00633nam a2200217 a 4500
001 BRCA_5895
005 20190320205244.0
008 170311s1924----gw-#######---#000-0#ger-#
041 _ager
044 _agw
050 4 _aPT2639
_pT84
_b.B48
_c1924
100 1 _aStrobl, Karl Hans.
_914907
245 1 0 _aDer betrogene Tod
_cErzahlung von Karl Hans Strobl; mit einem Nachwort von Anton Altrichter.
260 _aLeipzig, Alemania
_bP. Reclam
_c1924
300 _a75 p.
_c16 cm.
440 0 _aReclams universal Bibliothek
_vnÂș6460
_914908
500 _aH136
700 1 _aAltrichter, Anton
_914909
902 _aGFM
942 _2lcc
_cB
999 _c5584
_d5584